Foreign-Born Population: Ireland Quiz Stats

 Plays Quiz Updated Oct 12, 2018

Score 0/20 Timer 05:00
4 Plays Today
Foreign-Born Population Country % Correct
11,015United States
96.7%
112,259United Kingdom
96.6%
9,749France
94.4%
11,305Germany
91.3%
6,794Spain
90.8%
10,896China
84.7%
7,656Italy
83.9%
122,585Poland
77.9%
16,986India
77%
8,704Brazil
59.5%
Foreign-Born Population Country % Correct
6,847Pakistan
56.9%
4,872South Africa
53.6%
17,304Romania
50.3%
5,451Czechia
46.6%
8,034Hungary
45.2%
10,801Slovakia
41%
20,593Latvia
41%
36,683Lithuania
40.9%
17,642Nigeria
34.8%
12,791Philippines
26%

You're not logged in!

Compare scores with friends on all Sporcle quizzes.
OR
Log In

Sporcle TV

Today on Sporcle TV


Watch our educational content, quiz creation guides, and fun videos on Sporcle TV.

Show Comments

Extras

Top Quizzes Today


Score Distribution

Your Account Isn't Verified!

In order to create a playlist on Sporcle, you need to verify the email address you used during registration. Go to your Sporcle Settings to finish the process.

Report this User

Report this user for behavior that violates our Community Guidelines.

Details: